00355nam a22000977a 4500008004100000082002100041245012400062260003700186300001000223710002400233230609b xxu||||| |||| 00| 0 eng d a35462007232bGOK aReport of the Public Accounts Committee on the Government of Kenya Accounts for the Year 2005/2006cGovernment of Kenya aKenyabGovernment of Kenyac2006 a655 p bGovernment of Kenya